[Event "FIN-ch rapid"]
[Site "Helsinki"]
[Date "2019.08.24"]
[Round "9"]
[White "Ruotanen, Helge"]
[Black "Korjus, Onni"]
[Result "0-1"]
[WhiteElo "1920"]
[BlackElo "1878"]
[PlyCount "166"]
[EventDate "2019.08.24"]
[EventType "swiss (rapid)"]
[EventRounds "9"]
[EventCountry "FIN"]
[SourceTitle "EXT 2020"]
[Source "ChessBase"]
[SourceDate "2019.10.17"]
[SourceVersion "1"]
[SourceVersionDate "2019.10.17"]
[SourceQuality "1"]

1. g3 d5 2. Bg2 Nf6 3. d3 e6 4. Nc3 d4 5. Ne4 Be7 6. Bd2 c5 7. c4 Nc6 8. Nxf6+ Bxf6 9. Nf3 0-0 10. 0-0 e5 11. h3 Bf5 12. g4 Bg6 13. Re1 Qd6 14. Qc1 Rfe8 15. g5 Bd8 16. Nh4 Bc7 17. Nxg6 fxg6 18. Be4 Rf8 19. Kg2 Rae8 20. f3 Nd8 21. a3 b6 22. Rh1 Ne6 23. Qe1 Nf4+ 24. Bxf4 Rxf4 25. Qg3 Kf7 26. h4 h5 27. gxh6 Rg8 28. h7 Rh8 29. h5 gxh5 30. Rxh5 Bd8 31. Rah1 Qf6 32. Kf2 b5 33. cxb5 Be7 34. Rg1 Kf8 35. Rf5 Rxf5 36. Bxf5 Qh4 37. Qxh4 Bxh4+ 38. Kf1 Bf6 39. Kg2 Ke7 40. a4 Kf7 41. Rc1 Be7 42. Rh1 g6 43. Be4 Kg7 44. Kg3 Rxh7 45. Rxh7+ Kxh7 46. f4 exf4+ 47. Kxf4 Bd6+ 48. Kg5 Be7+ 49. Kg4 Kg7 50. Bd5 Kf6 51. Kf4 Bd6+ 52. Kf3 Ke5 53. Bb7 Bc7 54. Bc8 Bd8 55. Bd7 Bc7 56. Be8 g5 57. Kg4 Kf6 58. Bd7 Bd8 59. Kf3 Ke5 60. Bg4 Ba5 61. Bc8 Bc7 62. e3 dxe3 63. Kxe3 Bb6 64. Kf3 Kd4 65. Bf5 c4 66. dxc4 Kxc4 67. Bc2 Bd4 68. b3+ Kc3 69. Bd1 Kd2 70. Be2 Kc3 71. Bc4 Kb4 72. Ke4 Kc5 73. Be6 Bc3 74. Kf5 Kb6 75. Kxg5 Bb4 76. Kf5 a5 77. bxa6 Kxa6 78. Ke4 Ka5 79. Kd5 Bc3 80. Kc4 Bb4 81. Bd7 Be1 82. Kd5 Bb4 83. Kc6 Be1 0-1

[Event "EU-ch U18"]
[Site "Bratislava"]
[Date "2019.08.09"]
[Round "8"]
[White "Toquero Gracia, Pau"]
[Black "Korjus, Onni"]
[Result "1-0"]
[WhiteElo "2080"]
[BlackElo "1878"]
[PlyCount "63"]
[EventDate "2019.08.02"]
[EventType "swiss"]
[EventRounds "9"]
[EventCountry "SVK"]
[SourceTitle "CBM 191 Extra"]
[Source "ChessBase"]
[SourceDate "2019.09.30"]
[SourceVersion "1"]
[SourceVersionDate "2019.09.30"]
[SourceQuality "1"]

1. e4 e5 2. Nf3 Nc6 3. Bb5 a6 4. Ba4 Nf6 5. 0-0 Be7 6. Re1 b5 7. Bb3 d6 8. c3 0-0 9. d4 exd4 10. Nxd4 Nxd4 11. cxd4 c5 12. Bg5 Nd7 13. Bxe7 Qxe7 14. d5 Bb7 15. Nd2 c4 16. Bc2 Nc5 17. Nf3 f6 18. Nd4 g6 19. f4 Bc8 20. b4 cxb3 21. axb3 Bd7 22. b4 Na4 23. Bxa4 bxa4 24. Nc6 Qe8 25. Qxa4 Bxc6 26. dxc6 Rc8 27. Rac1 Rf7 28. Qxa6 Re7 29. Qc4+ Kg7 30. b5 Qd8 31. Qd4 Rb8 32. b6 1-0

[Event "EU-ch U18"]
[Site "Bratislava"]
[Date "2019.08.08"]
[Round "7"]
[White "Korjus, Onni"]
[Black "Easwaralingam, Adesh"]
[Result "1-0"]
[WhiteElo "1878"]
[BlackElo "2109"]
[PlyCount "93"]
[EventDate "2019.08.02"]
[EventType "swiss"]
[EventRounds "9"]
[EventCountry "SVK"]
[SourceTitle "CBM 191 Extra"]
[Source "ChessBase"]
[SourceDate "2019.09.30"]
[SourceVersion "1"]
[SourceVersionDate "2019.09.30"]
[SourceQuality "1"]

1. e4 c5 2. Nf3 e6 3. d3 Nc6 4. g3 Nf6 5. Bg2 d5 6. Qe2 Be7 7. 0-0 0-0 8. e5 Nd7 9. c4 Re8 10. Re1 Nf8 11. h4 a6 12. h5 h6 13. Bf4 b5 14. b3 Qb6 15. Nh2 Nd4 16. Qd2 Bb7 17. Nc3 Red8 18. cxb5 axb5 19. g4 Nh7 20. Ne2 Nxe2+ 21. Qxe2 Ng5 22. Nf3 Nxf3+ 23. Bxf3 Rd7 24. Kh2 Qd8 25. Rac1 Kh7 26. Rc2 Rc8 27. Rec1 Kg8 28. Be3 c4 29. d4 Ba6 30. Qe1 Ba3 31. Rb1 b4 32. Kg3 c3 33. Be2 Ra7 34. Bxa6 Rxa6 35. Qe2 Rca8 36. f4 Qb6 37. g5 Kh8 38. Qg4 Bb2 39. g6 fxg6 40. hxg6 Rxa2 41. Rh1 Ra1 42. Rxh6+ gxh6 43. Rh2 Kg7 44. Qh4 Kf8 45. Qf6+ Ke8 46. Qf7+ Kd8 47. g7 1-0

[Event "FIN-ch U18/U20"]
[Site "Turku"]
[Date "2019.06.07"]
[Round "5"]
[White "Keinanen, Toivo"]
[Black "Korjus, Onni"]
[Result "1-0"]
[WhiteElo "2370"]
[BlackElo "1875"]
[PlyCount "163"]
[EventDate "2019.06.06"]
[EventType "swiss"]
[EventRounds "7"]
[EventCountry "FIN"]
[SourceTitle "EXT 2021"]
[Source "ChessBase"]
[SourceDate "2020.10.23"]
[SourceVersion "1"]
[SourceVersionDate "2020.10.23"]
[SourceQuality "1"]

1. c4 Nf6 2. g3 e6 3. Bg2 d5 4. Nf3 Be7 5. 0-0 0-0 6. b3 b6 7. Bb2 Bb7 8. e3 c5 9. Nc3 Nc6 10. cxd5 exd5 11. d4 cxd4 12. Nxd4 Qd7 13. Qd2 Rac8 14. Rfd1 Rfd8 15. Rac1 Bb4 16. Nxc6 Bxc6 17. Qd4 Bc5 18. Qh4 Qe7 19. Na4 Ba3 20. Bxf6 Qxf6 21. Qxf6 gxf6 22. Rc2 Bxa4 23. Rxc8 Rxc8 24. bxa4 Rc1 25. Rxc1 Bxc1 26. Bxd5 Kg7 27. Bc4 f5 28. Ba6 Bd2 29. Kf1 Kf6 30. Ke2 Bb4 31. Kd3 Be1 32. Ke2 Bb4 33. Bd3 Ke5 34. Kf3 Be1 35. Bc2 h6 36. Bb3 f6 37. Bc4 Bd2 38. Ba6 Be1 39. Ke2 Bb4 40. Bc8 Bc5 41. f4+ Kd6 42. Bxf5 Ke7 43. Bd3 Kf7 44. Kf3 Bd6 45. Bb5 Bb4 46. Ke4 Bc5 47. Bc4+ Kg7 48. Be2 Kf7 49. Bd1 Kg7 50. Kf3 Kg6 51. Bb3 Kg7 52. Bc4 Kg6 53. h4 Kg7 54. Ke4 Kg6 55. Bb3 Kg7 56. Bc2 Kf7 57. Bd1 Kg7 58. Bh5 Bb4 59. Be2 Bc5 60. Bb5 Kf7 61. Kf3 Kg7 62. Bc4 Kg6 63. g4 Kg7 64. Bb5 Kf7 65. Bc6 Kg6 66. e4 Bd4 67. Bd7 Kf7 68. g5 hxg5 69. hxg5 fxg5 70. fxg5 Be5 71. Kg4 Kg6 72. Be8+ Kg7 73. Kf5 Bc7 74. Bb5 Bd6 75. Bd3 Kf7 76. g6+ Ke7 77. Bc4 Kf8 78. e5 Bc5 79. Kf6 Be7+ 80. Ke6 Bc5 81. Kd7 Be7 82. g7+ 1-0